UMTS network planning and development (Record no. 182634)

000 -LEADER
fixed length control field 00864 a2200193 4500
003 - CONTROL NUMBER IDENTIFIER
control field Nust
005 - DATE AND TIME OF LATEST TRANSACTION
control field 20221212134743.0
020 ## - INTERNATIONAL STANDARD BOOK NUMBER
International Standard Book Number 0750660821
040 ## - CATALOGING SOURCE
Transcribing agency Nust
082 ## - DEWEY DECIMAL CLASSIFICATION NUMBER
Classification number 621.3821,BRA
100 ## - MAIN ENTRY--PERSONAL NAME
Personal name Braithwaite, Chris
9 (RLIN) 104667
245 ## - TITLE STATEMENT
Title UMTS network planning and development
Remainder of title design and implementation of the 3G CDMA infrastructure /
Statement of responsibility, etc. Chris Braithwaite and Mike Scott
260 ## - PUBLICATION, DISTRIBUTION, ETC.
Place of publication, distribution, etc. London
Name of publisher, distributor, etc. Newnes
Date of publication, distribution, etc. 2003
300 ## - PHYSICAL DESCRIPTION
Extent xxii, 313 p.
505 ## - FORMATTED CONTENTS NOTE
Formatted contents note Part 1: Network Planning and 3G Foundations (Page -13), Part 2: Capacity and Network Planning (Page -41), Part 3: Coverage and Network Planning (Page -91), Part 4: Quality and Network Planning (Page -153), Part 5: Optimization and Network Planning (Page -191), Part 6: UMTS 3G Developments (Page -257).
650 ## - SUBJECT ADDED ENTRY--TOPICAL TERM
Topical term or geographic name entry element Telecommunication Engineering
700 ## - ADDED ENTRY--PERSONAL NAME
Personal name Scott, Mike
9 (RLIN) 104668
942 ## - ADDED ENTRY ELEMENTS (KOHA)
Source of classification or shelving scheme
Koha item type Book
Holdings
Withdrawn status Lost status Source of classification or shelving scheme Damaged status Not for loan Permanent Location Current Location Shelving location Date acquired Full call number Barcode Date last seen Price effective from Koha item type Public note
          Military College of Signals (MCS) Military College of Signals (MCS) General Stacks 12/12/2016 621.3821,BRA MCS31766 12/08/2016 12/12/2016 Book Almirah No.36, Shelf No.2
© 2023 Central Library, National University of Sciences and Technology. All Rights Reserved.